=LDR 00000nam 2200000 4500 =001 INLIS000000000011572 =005 20130612103125 =008 ***********************************Ind** =035 ##$$0010-061300000011572 =041 ##$$a Ind =082 ##$$a 746.109 598 135 2 =090 ##$$a 746.109 598 135 2, Aff s =100 ##$$a Affandi, Yusuf =245 ##$$a Seni teman selungkai dan sekitarnya, oleh Yusef Affandi =260 ##$$a 87 hlm. $b Jakarta =650 ##$$a Tuntunan =650 ##$$a Silungkung =710 ##$$a Proyek media Kebudayaan (Jakarta) =850 ##$$a NBPNMAT